01427nab a22002177a 4500003000400000005001700004008004100021040000700062100002300069245016400092300001500256500003600271505048400307505013500791650002300926650001400949650002200963650004600985650002901031773014901060OSt20260101205950.0190514b xxu||||| |||| 00| 0 spa d cPJ aMoine, Pablo David13aEl art. 666 del Cód. Civ. y Com.: bun desencadenante de confusiones y soluciones. Su análisis en el marco de una decisión judicial /cPablo David Moine. ap. 161-166 aCita: TR LALEY AR/DOC/453/2025. aSumario: I. Introducción.— II. Acerca de los hechos controversiales.— III. Un repaso por los aspectos generales del cuidado personal. Consideraciones en torno al cuidado personal compartido bajo la modalidad alternada.— IV. El art. 666 del Cód. Civ. y Com. Un punto de encuentro en el ejercicio del cuidado personal y la forma de cumplimiento de la obligación alimentaria.— V. Algunas precisiones relacionadas con el caso bajo análisis.— VI. Reflexión final.  aFallo comentado: Unidad Procesal N°11 de Viedma ~ 22/08/2024 ~ V. R. E. c. L. D. A. s/ sumarísimo (cese de cuota alimentaria). 0aDERECHO DE FAMILIA 0aALIMENTOS 0aCUOTA ALIMENTARIA 0aCESACIÓN DE LA OBLIGACIÓN ALIMENTARIA 0aJURISPRUDENCIA APLICABLE0 02844dBuenos Aires : AbeledoPerrot, 1989-tDerecho de familia. Revista Interdisciplinaria de doctrina y jurisprudencia. Abril 2025-II.z18511201